«Hungría, doble es tu rostro como una medalla». Visitas, amigos y escritos húngaros de Pablo Neruda

Elmentve itt :
Bibliográfiai részletek
Szerző: Csikós Zsuzsanna
Dokumentumtípus: Cikk
Megjelent: 2021
Sorozat:Ars et Humanitas 15 No. 2
Tárgyszavak:
mtmt:32609926
Online Access:http://publicatio.bibl.u-szeged.hu/23707
LEADER 00684nab a2200193 i 4500
001 publ23707
005 20220224101103.0
008 220224s2021 hu o 0|| Spanyol d
022 |a 1854-9632 
024 7 |a 32609926  |2 mtmt 
040 |a SZTE Publicatio Repozitórium  |b hun 
041 |a Spanyol 
100 1 |a Csikós Zsuzsanna 
245 1 0 |a «Hungría, doble es tu rostro como una medalla». Visitas, amigos y escritos húngaros de Pablo Neruda  |h [elektronikus dokumentum] /  |c  Csikós Zsuzsanna 
260 |c 2021 
300 |a 73-89 
490 0 |a Ars et Humanitas  |v 15 No. 2 
650 4 |a Nyelvek és irodalom 
856 4 0 |u http://publicatio.bibl.u-szeged.hu/23707/1/Csikos.pdf  |z Dokumentum-elérés